| 000 | 00567cam a22001571 4500 | ||
|---|---|---|---|
| 082 |
_a621.48 _bSMI _cL-7, P-10 |
||
| 100 | 1 |
_aSmith, Edward Staples Cousens, _941818 |
|
| 245 | 1 | 0 |
_aApplied atomic power, _cby Edward S. C. Smith ... A. H. Fox ... R. Tom Sawyer ... (and) H. R. Austin ... |
| 260 |
_aNew York, _bPrentice-Hall, _c1946. |
||
| 300 |
_axii, 227 p. _bincl. front., illus. (incl. ports.) diagrs. _c24 cm. |
||
| 500 | _a"References": p. 217 | ||
| 526 |
_a0 _b0 _c0 _d621_480000000000000_SMI |
||
| 650 | 0 |
_aMCE _9379 |
|
| 650 | 0 | _aNuclear energy. | |
| 942 |
_2ddc _cBK |
||
| 999 |
_c545846 _d545846 |
||